[Event "Coupe de la Parite"]
[Site "Saint Quentin"]
[Date "2019.06.29"]
[Round "1.2"]
[White "Van Hoolandt, Patrick"]
[Black "Aubert, Laurane"]
[Result "0-1"]
[WhiteElo "2144"]
[BlackElo "1931"]
[PlyCount "64"]
[EventDate "2019.06.??"]
[EventType "team-match"]
[EventRounds "5"]
[EventCountry "FRA"]
[SourceTitle "EXT 2020"]
[Source "ChessBase"]
[SourceDate "2019.10.17"]
[SourceVersion "1"]
[SourceVersionDate "2019.10.17"]
[SourceQuality "1"]

1. d4 d5 2. c4 e6 3. Nf3 Nf6 4. Nc3 Bb4 5. Bg5 h6 6. Bh4 g5 7. Bg3 Ne4 8. Nd2 Nxc3 9. bxc3 Bxc3 10. Rc1 Bxd4 11. cxd5 Qxd5 12. Bxc7 Nc6 13. Nb3 Bb2 14. Rc2 Ba3 15. e3 Qxd1+ 16. Kxd1 e5 17. Bb5 Bd7 18. Bxc6 Bxc6 19. Bxe5 Bxg2 20. Rg1 Bf3+ 21. Kd2 Rg8 22. Nd4 Rd8 23. Bc7 Rd7 24. Ba5 Ke7 25. Rc3 Bb2 26. Bb4+ Kf6 27. Rb3 Bxd4 28. exd4 Bd5 29. Ra3 a6 30. Bc3 Re8 31. Rg3 Kg6 32. Ra5 f5 0-1

[Event "FRA-ch U20 Girls"]
[Site "Hyeres"]
[Date "2019.04.18"]
[Round "6"]
[White "Aubert, Laurane"]
[Black "Aouachria, Marwa"]
[Result "1/2-1/2"]
[WhiteElo "1953"]
[BlackElo "1738"]
[PlyCount "106"]
[EventDate "2019.04.14"]
[EventType "swiss"]
[EventRounds "9"]
[EventCountry "FRA"]
[SourceTitle "CBM 190 Extra"]
[Source "ChessBase"]
[SourceDate "2019.07.15"]
[SourceVersion "1"]
[SourceVersionDate "2019.07.15"]
[SourceQuality "1"]

1. e4 c5 2. Nc3 e6 3. Nge2 a6 4. d4 cxd4 5. Nxd4 d6 6. Be3 Nf6 7. Bd3 Be7 8. 0-0 Qc7 9. Nb3 b5 10. a3 Bb7 11. Qe2 Nbd7 12. f4 Nc5 13. Nxc5 dxc5 14. e5 Nd5 15. Nxd5 exd5 16. Qg4 g6 17. Rae1 Qd7 18. f5 0-0-0 19. e6 fxe6 20. fxe6 Qc6 21. Rf7 Rde8 22. Bf4 Qb6 23. Kh1 d4 24. c3 h5 25. Qh3 g5 26. Be5 g4 27. Qg3 h4 28. Qf4 Rh5 29. cxd4 h3 30. Rc1 hxg2+ 31. Kg1 Bg5 32. Rxc5+ Qxc5 33. dxc5 Bxf4 34. Bxf4 Rxc5 35. b4 Rc3 36. Bf5 Bd5 37. Bxg4 Bxe6 38. Bxe6+ Rxe6 39. Kxg2 Rxa3 40. Rc7+ Kd8 41. Rc2 Rb3 42. Bc7+ Ke8 43. Ba5 Rg6+ 44. Kf2 Rf6+ 45. Kg2 Rf4 46. Re2+ Kf7 47. Rc2 Rc4 48. Rf2+ Kg6 49. Rd2 Rc6 50. Re2 Rbc3 51. Rf2 Re6 52. Rd2 Rec6 53. Rf2 Ra3 1/2-1/2

[Event "Wch U20 Girls 36th"]
[Site "Manavgat"]
[Date "2018.09.15"]
[Round "11"]
[White "Aubert, Laurane"]
[Black "Tian, Shi Yuan"]
[Result "1-0"]
[WhiteElo "1970"]
[BlackElo "1923"]
[PlyCount "101"]
[EventDate "2018.09.05"]
[EventType "swiss"]
[EventRounds "11"]
[EventCountry "TUR"]
[SourceTitle "CBM 186 Extra"]
[Source "ChessBase"]
[SourceDate "2018.08.24"]
[SourceVersion "1"]
[SourceVersionDate "2018.08.24"]
[SourceQuality "1"]

1. e4 e6 2. d4 d5 3. e5 c5 4. c3 Nc6 5. Nf3 Bd7 6. a3 f6 7. Bd3 fxe5 8. dxe5 Qc7 9. Qe2 Nge7 10. 0-0 c4 11. Bc2 g6 12. Re1 Bg7 13. Nbd2 b5 14. b3 0-0 15. a4 a6 16. Ba3 Rfe8 17. Bd6 Qc8 18. g4 Na5 19. Qe3 Nb7 20. Ba3 cxb3 21. Nxb3 bxa4 22. Nbd4 Nc6 23. h4 Nxd4 24. Nxd4 Na5 25. Qg3 Nc4 26. Bc1 Rf8 27. h5 Qe8 28. Kg2 Nxe5 29. Rxe5 Bxe5 30. Qxe5 Qf7 31. f3 Qg7 32. Qg5 e5 33. Ne2 gxh5 34. Qxh5 Qf7 35. Qg5+ Qg7 36. Qh5 Qf7 37. Qg5+ Qg7 38. Qh4 e4 39. fxe4 Bxg4 40. Ng3 Bf3+ 41. Kh2 Bxe4 42. Nxe4 Qe5+ 43. Kh1 dxe4 44. Be3 Qf6 45. Rg1+ Kf7 46. Qh5+ Ke6 47. Bxe4 Qe5 48. Qg4+ Rf5 49. Re1 Kf6 50. Bd4 Rh5+ 51. Qxh5 1-0

[Event "Wch U20 Girls 36th"]
[Site "Manavgat"]
[Date "2018.09.07"]
[Round "3"]
[White "Altantuya, Boldbaatar"]
[Black "Aubert, Laurane"]
[Result "1-0"]
[WhiteElo "2210"]
[BlackElo "1970"]
[PlyCount "73"]
[EventDate "2018.09.05"]
[EventType "swiss"]
[EventRounds "11"]
[EventCountry "TUR"]
[SourceTitle "CBM 186 Extra"]
[Source "ChessBase"]
[SourceDate "2018.08.24"]
[SourceVersion "1"]
[SourceVersionDate "2018.08.24"]
[SourceQuality "1"]

1. d4 d5 2. c4 e6 3. Nf3 Nf6 4. cxd5 exd5 5. Bg5 Bb4+ 6. Nc3 Nbd7 7. e3 h6 8. Bh4 g5 9. Bg3 Ne4 10. Qc2 h5 11. Bd3 h4 12. Bxe4 hxg3 13. Bxd5 Bxc3+ 14. bxc3 Nf6 15. Bb3 gxf2+ 16. Qxf2 Ne4 17. Qc2 Bf5 18. Ne5 Nd6 19. Bxf7+ Kf8 20. Qf2 Kg7 21. 0-0 Qe7 22. Bb3 Raf8 23. Qb2 g4 24. Rf4 Qh4 25. g3 Qh3 26. Nf7 Nxf7 27. Rxf5 Nd6 28. Rg5+ Kh6 29. Re5 Nf5 30. Qg2 Qh5 31. e4 Qg5 32. exf5 Rxf5 33. Rxf5 Qxf5 34. Rf1 Qg5 35. Qe4 c6 36. Qe6+ Kh7 37. Rf7+ 1-0

[Event "Wch U20 Girls 36th"]
[Site "Manavgat"]
[Date "2018.09.07"]
[Round "4"]
[White "Aubert, Laurane"]
[Black "Can, Isil"]
[Result "1/2-1/2"]
[WhiteElo "1970"]
[BlackElo "1798"]
[PlyCount "97"]
[EventDate "2018.09.05"]
[EventType "swiss"]
[EventRounds "11"]
[EventCountry "TUR"]
[SourceTitle "CBM 186 Extra"]
[Source "ChessBase"]
[SourceDate "2018.08.24"]
[SourceVersion "1"]
[SourceVersionDate "2018.08.24"]
[SourceQuality "1"]

1. e4 e5 2. Nf3 Nc6 3. d4 exd4 4. Nxd4 Bc5 5. Nb3 Bb6 6. Nc3 Nf6 7. Qe2 d6 8. Be3 Bxe3 9. Qxe3 a5 10. a4 Be6 11. Nd4 Nxd4 12. Qxd4 0-0 13. f3 Nd7 14. h4 Qe7 15. g4 Ne5 16. Qf2 d5 17. Qg3 Nc4 18. Bxc4 dxc4 19. 0-0-0 b5 20. Nxb5 Qb4 21. f4 Qxa4 22. Na3 c3 23. Qxc3 Bxg4 24. Rd4 Qe8 25. h5 Qe6 26. h6 Qf6 27. e5 Qe6 28. Rg1 g6 29. Rc4 Rfd8 30. Nb5 Be2 31. Rc6 Qd7 32. Nd6 cxd6 33. exd6 f6 34. Qxf6 Qf7 35. Qe5 Re8 36. Qd4 Rad8 37. f5 Bh5 38. Rc7 Rd7 39. fxg6 Bxg6 40. Rxd7 Qxd7 41. Qd5+ Qf7 42. Qd4 Rd8 43. b3 Qf8 44. Qd5+ Qf7 45. Qe5 Qf8 46. Qe6+ Qf7 47. Qe5 Qf8 48. Qd5+ Qf7 49. Qd4 1/2-1/2

[Event "FRA-ch U20 Girls"]
[Site "Agen"]
[Date "2018.04.22"]
[Round "9"]
[White "Aubert, Laurane"]
[Black "Azan, Sarah"]
[Result "1-0"]
[WhiteElo "1952"]
[BlackElo "1381"]
[PlyCount "71"]
[EventDate "2018.04.15"]
[EventType "swiss"]
[EventRounds "9"]
[EventCountry "FRA"]
[SourceTitle "CBM 184 Extra"]
[Source "ChessBase"]
[SourceDate "2018.06.28"]
[SourceVersion "1"]
[SourceVersionDate "2018.06.28"]
[SourceQuality "1"]

1. e4 c6 2. d4 d5 3. Nc3 dxe4 4. Nxe4 Bf5 5. Ng3 Bg6 6. Nh3 h6 7. Nf4 Bh7 8. Bc4 e6 9. 0-0 Nf6 10. Re1 Nd5 11. Bxd5 cxd5 12. Qh5 g6 13. Qe5 Rg8 14. Qxd5 Qxd5 15. Nxd5 Kd8 16. Nf6 Rh8 17. d5 Bg7 18. Nxh7 Rxh7 19. dxe6 fxe6 20. Rxe6 g5 21. Nf5 Bf8 22. Bd2 Nd7 23. Rae1 Kc7 24. Nd4 Rd8 25. R6e2 Kb8 26. Ne6 Rc8 27. Nxf8 Nxf8 28. Bb4 b6 29. Re8 Ng6 30. g3 Nh8 31. Bd6+ Kb7 32. c3 Rxe8 33. Rxe8 Nf7 34. Re7+ Ka6 35. c4 Rg7 36. b4 1-0

[Event "FRA-ch U20 Girls"]
[Site "Agen"]
[Date "2018.04.16"]
[Round "3"]
[White "Aubert, Laurane"]
[Black "Haussernot, Cecile"]
[Result "0-1"]
[WhiteElo "1952"]
[BlackElo "2165"]
[PlyCount "78"]
[EventDate "2018.04.15"]
[EventType "swiss"]
[EventRounds "9"]
[EventCountry "FRA"]
[SourceTitle "CBM 184 Extra"]
[Source "ChessBase"]
[SourceDate "2018.06.28"]
[SourceVersion "1"]
[SourceVersionDate "2018.06.28"]
[SourceQuality "1"]

1. e4 c5 2. Nc3 e6 3. Nge2 a6 4. d4 cxd4 5. Nxd4 Nc6 6. Be3 Qc7 7. Bd3 Nf6 8. 0-0 b5 9. Nxc6 dxc6 10. f4 Bb7 11. e5 Nd7 12. Ne4 c5 13. c3 Be7 14. Qh5 c4 15. Bc2 g6 16. Qe2 Bd5 17. Bd4 Qc6 18. Rad1 a5 19. Ng3 Nc5 20. Bxc5 Bxc5+ 21. Kh1 h5 22. Ne4 Be7 23. Nd2 h4 24. h3 0-0 25. Qg4 Kg7 26. Rf2 b4 27. Nf1 b3 28. axb3 cxb3 29. Bb1 Qc5 30. Rfd2 Bc6 31. Rd4 a4 32. Ne3 a3 33. bxa3 Qxc3 34. R4d3 Qc5 35. Rd4 Rad8 36. Rxd8 Rxd8 37. Rxd8 Bxd8 38. Qd1 Qxe3 39. Qxd8 Qxh3+ 0-1

[Event "Avoine op 31st"]
[Site "Avoine"]
[Date "2016.07.23"]
[Round "1"]
[White "Aubert, Laurane"]
[Black "Gvanceladze, Anna"]
[Result "0-1"]
[WhiteElo "1958"]
[BlackElo "2179"]
[PlyCount "82"]
[EventDate "2016.07.23"]
[EventType "swiss"]
[EventRounds "9"]
[EventCountry "FRA"]
[SourceTitle "CBM 173 Extra"]
[Source "ChessBase"]
[SourceDate "2016.08.29"]
[SourceVersion "1"]
[SourceVersionDate "2016.08.29"]
[SourceQuality "1"]

1. e4 c6 2. d4 d5 3. Nc3 dxe4 4. Nxe4 Bf5 5. Ng3 Bg6 6. Nh3 e6 7. Nf4 Bd6 8. h4 Bxf4 9. Bxf4 h6 10. h5 Bh7 11. c4 Nf6 12. Be2 0-0 13. 0-0 Nbd7 14. Bf3 Re8 15. Re1 Rc8 16. Qe2 Qb6 17. Qd2 c5 18. Be3 Qa6 19. b3 b5 20. Be2 bxc4 21. Bxc4 Qc6 22. Qe2 Red8 23. Ba6 Rb8 24. Rac1 Nd5 25. Bd3 Bxd3 26. Qxd3 Nxe3 27. Qxe3 cxd4 28. Qxd4 Qb6 29. Qf4 Nc5 30. Red1 Nd3 31. Rxd3 Rxd3 32. Rc7 Rf8 33. Ne4 Rd4 34. Rc4 Rxc4 35. bxc4 Qb1+ 36. Kh2 Qxa2 37. c5 Qd5 38. g4 f5 39. Nc3 Qxc5 40. Na4 Qb5 41. Nc3 Qb8 0-1

[Event "World ol U16"]
[Site "Ulaanbaatar"]
[Date "2015.08.25"]
[Round "6.3"]
[White "Chen, Qi"]
[Black "Aubert, Laurane"]
[Result "1/2-1/2"]
[WhiteElo "2315"]
[BlackElo "1888"]
[PlyCount "65"]
[EventDate "2015.08.20"]
[EventType "team-swiss"]
[EventRounds "9"]
[EventCountry "MGL"]
[SourceTitle "EXT 2016"]
[Source "ChessBase"]
[SourceDate "2015.10.08"]
[SourceVersion "1"]
[SourceVersionDate "2015.10.08"]
[SourceQuality "1"]
[WhiteTeam "China"]
[BlackTeam "France"]
[WhiteTeamCountry "CHN"]
[BlackTeamCountry "FRA"]

1. e4 c5 2. Nf3 Nc6 3. Bb5 g6 4. Bxc6 dxc6 5. d3 Bg7 6. h3 e5 7. Be3 Qe7 8. Nc3 Nf6 9. Qd2 Nd7 10. Bh6 Bxh6 11. Qxh6 f6 12. 0-0 Nf8 13. Ne2 Ne6 14. c3 Kf7 15. Rad1 b6 16. Nh4 Ba6 17. Qe3 Rad8 18. g3 Kg7 19. f4 Rhf8 20. Ng2 Rd7 21. f5 Ng5 22. h4 Nf7 23. Ne1 Qd8 24. Rf3 g5 25. b3 g4 26. Rf2 h5 27. Nc1 Qe7 28. Rfd2 Rfd8 29. Nc2 Bb7 30. Ne2 Kh7 31. Nc1 Kg7 32. Ne2 Kh7 33. Ne1 1/2-1/2

[Event "World ol U16"]
[Site "Ulaanbaatar"]
[Date "2015.08.24"]
[Round "5.3"]
[White "Sadubayev, Airat"]
[Black "Aubert, Laurane"]
[Result "1/2-1/2"]
[WhiteElo "2117"]
[BlackElo "1888"]
[PlyCount "81"]
[EventDate "2015.08.20"]
[EventType "team-swiss"]
[EventRounds "9"]
[EventCountry "MGL"]
[SourceTitle "EXT 2016"]
[Source "ChessBase"]
[SourceDate "2015.10.08"]
[SourceVersion "1"]
[SourceVersionDate "2015.10.08"]
[SourceQuality "1"]
[WhiteTeam "Kazakhstan"]
[BlackTeam "France"]
[WhiteTeamCountry "KAZ"]
[BlackTeamCountry "FRA"]

1. e4 c5 2. Nf3 Nc6 3. d4 cxd4 4. Nxd4 g6 5. c4 Bg7 6. Be3 d6 7. Nc3 Nf6 8. Be2 Bd7 9. 0-0 0-0 10. h3 a5 11. Ndb5 Nb4 12. a3 Na6 13. f3 Nh5 14. Qc2 Ng3 15. Rfd1 Nxe2+ 16. Qxe2 b6 17. Rab1 Rb8 18. b4 axb4 19. axb4 Bxb5 20. Nxb5 Nc7 21. Na7 Qe8 22. b5 Ne6 23. Nc6 Rb7 24. Qf2 Nc5 25. e5 Rd7 26. exd6 exd6 27. Bd4 Qe6 28. Bxg7 Kxg7 29. Rd5 Ra8 30. Rbd1 Qf6 31. Qg3 Ra1 32. Rxa1 Qxa1+ 33. Kh2 Qf6 34. Qg4 Rc7 35. Qd4 Rd7 36. Nb4 Qxd4 37. Rxd4 Nb3 38. Rd3 Na5 39. Rd4 Nb3 40. Rd3 Na5 41. Rd4 1/2-1/2

[Event "Saint Jacut Lallemand Memorial (Women)"]
[Site "Saint Jacut de la Mer"]
[Date "2015.06.13"]
[Round "2"]
[White "Navrotescu, Andreea Cristiana"]
[Black "Aubert, Laurane"]
[Result "0-1"]
[WhiteElo "2370"]
[BlackElo "1930"]
[PlyCount "114"]
[EventDate "2015.06.13"]
[EventType "swiss"]
[EventRounds "9"]
[EventCountry "FRA"]
[SourceTitle "EXT 2016"]
[Source "ChessBase"]
[SourceDate "2015.10.08"]
[SourceVersion "1"]
[SourceVersionDate "2015.10.08"]
[SourceQuality "1"]

1. e3 e5 2. c4 Nf6 3. Nc3 Be7 4. Nf3 d6 5. Qc2 c6 6. d4 Qc7 7. Be2 Bg4 8. 0-0 Nbd7 9. b3 0-0 10. Ba3 Rfe8 11. Rad1 Rac8 12. Rd2 Qa5 13. dxe5 Qxa3 14. exf6 Nxf6 15. Rfd1 Bf8 16. Ng5 Bxe2 17. Rxe2 h6 18. Nge4 Nxe4 19. Nxe4 Rcd8 20. Nc3 Qc5 21. Red2 Qe5 22. Rd4 Re6 23. Re4 Qf5 24. Qd3 Rde8 25. Rf4 Qxd3 26. Rxd3 g6 27. Rfd4 f5 28. Ne2 g5 29. g3 Kf7 30. Nc3 Bg7 31. Kf1 Bxd4 32. Rxd4 Rd8 33. Ke2 a6 34. a4 Ke7 35. h4 Kf6 36. f4 Re7 37. Kf3 g4+ 38. Ke2 Re6 39. Kd3 Rde8 40. Nd1 Ke7 41. Kc3 Kd7 42. b4 Re4 43. Rd3 Rc8 44. Nf2 Re6 45. c5 d5 46. Kd4 a5 47. Rb3 axb4 48. Rxb4 Kc7 49. Nd3 Re4+ 50. Kc3 Rxe3 51. Kd2 Rxg3 52. Ne5 Re8 53. Rb1 Ra3 54. Rb4 Ra2+ 55. Ke3 Rh2 56. Kd4 Rxh4 57. Rb2 Rh1 0-1

[Event "FRA-ch U16 Girls"]
[Site "Pau"]
[Date "2015.05.01"]
[Round "7"]
[White "Afraoui, Anaelle"]
[Black "Aubert, Laurane"]
[Result "1-0"]
[WhiteElo "2029"]
[BlackElo "1773"]
[PlyCount "73"]
[EventDate "2015.04.26"]
[EventType "swiss"]
[EventRounds "9"]
[EventCountry "FRA"]
[SourceTitle "CBM 166 Extra"]
[Source "ChessBase"]
[SourceDate "2015.06.18"]
[SourceVersion "1"]
[SourceVersionDate "2015.06.18"]
[SourceQuality "1"]

1. e4 g6 2. d4 c6 3. Nf3 d5 4. Nc3 Bg7 5. e5 Bg4 6. h3 Bxf3 7. Qxf3 e6 8. Bd3 Ne7 9. Ne2 c5 10. c3 Nbc6 11. 0-0 0-0 12. h4 Qb6 13. Bg5 c4 14. Bc2 Qxb2 15. Rfc1 Qb6 16. h5 Rfe8 17. Bf6 Bf8 18. Qh3 Nb8 19. g4 Nd7 20. Kg2 Bg7 21. hxg6 hxg6 22. g5 Kf8 23. Qh7 Bxf6 24. gxf6 Rec8 25. fxe7+ Kxe7 26. Qh4+ Ke8 27. Qg5 Qd8 28. Qg4 Nf8 29. Ba4+ Nd7 30. Rh1 Qa5 31. Rh8+ Ke7 32. Qg5+ f6 33. Rh7+ Kf8 34. Qh6+ Ke8 35. Bxd7+ Kd8 36. Qf8+ Kc7 37. Qd6+ 1-0

[Event "FRA-ch U16 Girls"]
[Site "Pau"]
[Date "2015.04.26"]
[Round "1"]
[White "Aubert, Laurane"]
[Black "Bachiri, Nada"]
[Result "1-0"]
[WhiteElo "1805"]
[BlackElo "1441"]
[PlyCount "65"]
[EventDate "2015.04.26"]
[EventType "swiss"]
[EventRounds "9"]
[EventCountry "FRA"]
[SourceTitle "CBM 166 Extra"]
[Source "ChessBase"]
[SourceDate "2015.06.18"]
[SourceVersion "1"]
[SourceVersionDate "2015.06.18"]
[SourceQuality "1"]

1. e4 e5 2. Nf3 Nc6 3. d4 exd4 4. Nxd4 Qh4 5. Nc3 Bb4 6. Be2 Qxe4 7. Nf3 Bxc3+ 8. bxc3 Nf6 9. 0-0 d6 10. Bd3 Qg4 11. Re1+ Kf8 12. Qe2 b6 13. Rb1 Bb7 14. h3 Qd7 15. Bg5 h6 16. Bh4 Nd5 17. Qd2 g5 18. Bg3 Nde7 19. Bb5 a6 20. Ba4 g4 21. Ne5 Qe6 22. Nxc6 Qc4 23. Rb4 Qd5 24. Rd4 Qg5 25. Qxg5 hxg5 26. Nxe7 gxh3 27. Bc6 Bxc6 28. Nxc6 Kg7 29. gxh3 Rxh3 30. Kg2 Rah8 31. Re7 Kg6 32. Rxc7 d5 33. Rxd5 1-0

[Event "FRA-ch U16 Girls"]
[Site "Montbeliard"]
[Date "2014.04.24"]
[Round "6"]
[White "Banat, Rizlene"]
[Black "Aubert, Laurane"]
[Result "1-0"]
[WhiteElo "1813"]
[BlackElo "1722"]
[PlyCount "109"]
[EventDate "2014.04.20"]
[EventType "swiss"]
[EventRounds "9"]
[EventCountry "FRA"]
[SourceTitle "CBM 160 Extra"]
[Source "ChessBase"]
[SourceDate "2014.07.01"]
[SourceVersion "1"]
[SourceVersionDate "2014.07.01"]
[SourceQuality "1"]

1. Nf3 Nf6 2. c4 d6 3. Nc3 e5 4. d3 Nc6 5. g3 g6 6. Bg2 Bg7 7. 0-0 0-0 8. Rb1 h6 9. b4 Be6 10. b5 Ne7 11. Qc2 Qc8 12. Re1 Bh3 13. Bh1 Nh5 14. a4 f5 15. Nh4 g5 16. Nd5 Nxd5 17. Bxd5+ Kh7 18. Bg2 Bxg2 19. Nxg2 f4 20. d4+ Kh8 21. Qg6 Qh3 22. dxe5 dxe5 23. Bb2 Rf5 24. Rbd1 Nf6 25. f3 fxg3 26. hxg3 Nh5 27. Rd7 Rf6 28. Qd3 Qxg3 29. Kf1 Qh2 30. Kf2 Nf4 31. Rd8+ Rxd8 32. Qxd8+ Rf8 33. Qe7 Qxg2+ 34. Ke3 Ng6 35. Qxc7 Qg3 36. Rd1 Qf4+ 37. Kf2 Qf7 38. Rd7 Qf6 39. Ba3 Rg8 40. Rf7 Qd8 41. Qxd8 Rxd8 42. Rxb7 Ra8 43. Bd6 Bf8 44. c5 h5 45. Bxf8 Nxf8 46. c6 h4 47. c7 Nd7 48. c8Q+ Rxc8 49. Rxd7 a5 50. bxa6 Ra8 51. a7 h3 52. Kg3 e4 53. Rb7 exf3 54. exf3 g4 55. Rb8+ 1-0

[Event "FRA-chT U20 16 GP Basse 1213"]
[Site "France"]
[Date "2013.05.20"]
[Round "11"]
[White "Chung, Mathilde"]
[Black "Aubert, Laurane"]
[Result "1-0"]
[WhiteElo "1791"]
[BlackElo "1709"]
[PlyCount "113"]
[EventDate "2012.12.01"]
[EventType "team"]
[EventRounds "11"]
[EventCountry "FRA"]
[SourceTitle "EXT 2014"]
[Source "ChessBase"]
[SourceDate "2013.11.20"]
[SourceVersion "1"]
[SourceVersionDate "2013.11.20"]
[SourceQuality "1"]
[WhiteTeam "Monaco (U20)"]
[BlackTeam "Villepinte (U20)"]
[WhiteTeamCountry "FRA"]
[BlackTeamCountry "FRA"]

1. d4 Nf6 2. Nf3 c5 3. d5 g6 4. c4 b5 5. cxb5 a6 6. bxa6 Bxa6 7. Nc3 Bg7 8. e4 Bxf1 9. Kxf1 d6 10. g3 0-0 11. Kg2 Nbd7 12. Re1 Ng4 13. Nd2 Nge5 14. Qe2 Nb6 15. f4 Ned7 16. Nf3 Nf6 17. Bd2 Ra7 18. b3 Qa8 19. a4 Ne8 20. Nb5 Rb7 21. Bc3 Bxc3 22. Nxc3 Nc7 23. Nd2 Ra7 24. h4 f5 25. Nc4 Nc8 26. h5 e6 27. hxg6 hxg6 28. Rh1 exd5 29. exd5 Nxd5 30. Qe6+ Kg7 31. Qxd5 Qb8 32. Nb5 Rd7 33. Rhe1 Ne7 34. Qe6 Qb7+ 35. Kf2 Rf6 36. Qe2 d5 37. Ne5 Rd8 38. Nd3 Nc8 39. Nxc5 Qb6 40. Qe3 Kf7 41. b4 d4 42. Nxd4 Qxb4 43. Qb3+ Qxb3 44. Ndxb3 Rb6 45. a5 Rb4 46. Red1 Re8 47. Rd7+ Re7 48. Rxe7+ Kxe7 49. a6 Na7 50. Rd1 Nb5 51. a7 Nxa7 52. Rd7+ Kf6 53. Rxa7 Rb5 54. Nd7+ Kg7 55. Nd4 Rb2+ 56. Kf3 Kh6 57. Nf8 1-0

[Event "FRA-ch U14 Girls"]
[Site "Saint Paul Trois Chateaux"]
[Date "2013.05.05"]
[Round "8"]
[White "Schwindling, Marie"]
[Black "Aubert, Laurane"]
[Result "1-0"]
[WhiteElo "1518"]
[BlackElo "1722"]
[PlyCount "99"]
[EventDate "2013.04.28"]
[EventType "swiss"]
[EventRounds "9"]
[EventCountry "FRA"]
[SourceTitle "CBM 154 Extra"]
[Source "ChessBase"]
[SourceDate "2013.06.25"]
[SourceVersion "2"]
[SourceVersionDate "2013.06.25"]
[SourceQuality "1"]

1. d4 Nf6 2. c4 c5 3. Nf3 g6 4. Nc3 Bg7 5. e4 cxd4 6. Nxd4 d6 7. Be2 Nc6 8. Be3 0-0 9. 0-0 Nd7 10. Rb1 Nxd4 11. Bxd4 Bxd4 12. Qxd4 Ne5 13. Rfd1 b6 14. Qe3 Bb7 15. Qg3 Rc8 16. b3 a6 17. Bg4 Nxg4 18. Qxg4 b5 19. Nd5 Bc6 20. Qxc8 Qxc8 21. Nxe7+ Kg7 22. Nxc8 Rxc8 23. Rxd6 bxc4 24. bxc4 Bxe4 25. Rc1 a5 26. f3 Bc6 27. Rcd1 Ba4 28. R1d4 Bc6 29. Kf2 Rc7 30. Ke3 Kf8 31. Kf4 Ke7 32. Kg5 h5 33. Kh6 Bd7 34. Rxd7+ Rxd7 35. Rxd7+ Kxd7 36. Kg7 Ke7 37. c5 g5 38. c6 f5 39. c7 Kd7 40. Kf6 Kxc7 41. Kxf5 Kd6 42. Kxg5 Kc5 43. f4 Kb4 44. f5 Ka3 45. f6 Kxa2 46. f7 a4 47. f8Q a3 48. Kxh5 Kb2 49. Qxa3+ Kxa3 50. g4 1-0

[Event "FRA-ch op-C"]
[Site "Pau"]
[Date "2012.08.16"]
[Round "3"]
[White "Boursier, Marianne"]
[Black "Aubert, Laurane"]
[Result "1-0"]
[WhiteElo "1724"]
[BlackElo "1669"]
[PlyCount "141"]
[EventDate "2012.08.14"]
[EventType "swiss"]
[EventRounds "11"]
[EventCountry "FRA"]
[SourceTitle "EXT 2014"]
[Source "ChessBase"]
[SourceDate "2013.11.20"]
[SourceVersion "1"]
[SourceVersionDate "2013.11.20"]
[SourceQuality "1"]

1. e4 c5 2. Nf3 g6 3. g3 Bg7 4. Bg2 Nc6 5. 0-0 Nf6 6. d3 0-0 7. Re1 d6 8. Nbd2 Rb8 9. Rb1 b5 10. b3 b4 11. Bb2 Qa5 12. Nc4 Qa6 13. a4 bxa3 14. Nxa3 Nb4 15. Nc4 Qb5 16. e5 dxe5 17. Nfxe5 Bb7 18. Nf3 Nfd5 19. Bxg7 Kxg7 20. Qd2 Rfe8 21. Ne3 Nxe3 22. Rxe3 Kg8 23. Rbe1 Qd7 24. Re5 Qd6 25. Qc3 Rbc8 26. Ra1 a6 27. Rae1 Nd5 28. Qd2 Nf6 29. Qe2 Rc7 30. Nd2 Bxg2 31. Kxg2 Kg7 32. Nc4 Qc6+ 33. Kg1 Qd7 34. Ra1 Qc6 35. Ra5 Nd5 36. Qe4 Rd7 37. Ne3 Qb6 38. Qa4 Red8 39. Rxa6 Qc7 40. Qa1 Kg8 41. Nxd5 Rxd5 42. Rxd5 Rxd5 43. Ra8+ Rd8 44. Rxd8+ Qxd8 45. Qe5 Qd6 46. Qxd6 exd6 47. Kf1 Kg7 48. c3 Kf6 49. b4 cxb4 50. cxb4 Ke5 51. Ke2 Kd5 52. Kd2 Kc6 53. Kc3 Kb5 54. d4 d5 55. f4 Ka4 56. g4 f6 57. g5 f5 58. h4 Kb5 59. Kb3 Kb6 60. Ka4 Ka6 61. b5+ Kb6 62. Kb4 Kb7 63. Ka5 Ka7 64. b6+ Kb7 65. Kb5 Kb8 66. Ka6 Ka8 67. b7+ Kb8 68. Kb6 h5 69. Kc6 Ka7 70. Kc7 Ka6 71. b8Q 1-0

[Event "FRA-ch op-C"]
[Site "Pau"]
[Date "2012.08.15"]
[Round "2"]
[White "Aubert, Laurane"]
[Black "Wardenski, Eric"]
[Result "1-0"]
[WhiteElo "1669"]
[BlackElo "1769"]
[PlyCount "83"]
[EventDate "2012.08.14"]
[EventType "swiss"]
[EventRounds "11"]
[EventCountry "FRA"]
[SourceTitle "EXT 2014"]
[Source "ChessBase"]
[SourceDate "2013.11.20"]
[SourceVersion "1"]
[SourceVersionDate "2013.11.20"]
[SourceQuality "1"]

1. e4 g6 2. d4 Bg7 3. Nf3 d6 4. Nc3 a6 5. Be3 Nf6 6. h3 b5 7. Bd3 Bb7 8. a3 0-0 9. 0-0 Nbd7 10. Qd2 Re8 11. Bh6 Bh8 12. Rfe1 c5 13. d5 Rc8 14. Bg5 Qc7 15. Bf1 Rb8 16. Bf4 Rec8 17. e5 Nh5 18. exd6 exd6 19. Bh2 Nhf6 20. Bxb5 axb5 21. Nxb5 Qb6 22. Nxd6 Bxd5 23. Nxc8 Rxc8 24. Ne5 Nxe5 25. Bxe5 Qc6 26. f3 h5 27. Rad1 Be6 28. Qf4 Nd5 29. Qd2 f6 30. Bg3 Bf7 31. Qd3 Qb6 32. b3 c4+ 33. Qd4 cxb3 34. Qxb6 Nxb6 35. cxb3 Bxb3 36. Rb1 Rc3 37. Re8+ Kf7 38. Rxh8 Nc4 39. Rb8 Nd2 40. Re1 Nxf3+ 41. gxf3 Rxf3 42. Rb7+ 1-0

[Event "FRA-ch U14 Girls"]
[Site "Nimes"]
[Date "2012.04.15"]
[Round "3"]
[White "Aubert, Laurane"]
[Black "Malassagne, Isabelle"]
[Result "0-1"]
[WhiteElo "1656"]
[BlackElo "1880"]
[PlyCount "140"]
[EventDate "2012.04.14"]
[EventType "swiss"]
[EventRounds "9"]
[EventCountry "FRA"]
[SourceTitle "CBM 148 Extra"]
[Source "ChessBase"]
[SourceDate "2012.06.22"]
[SourceVersion "1"]
[SourceVersionDate "2012.06.22"]
[SourceQuality "1"]

1. e4 e6 2. Nc3 d5 3. Nf3 c5 4. d3 Nc6 5. Bf4 a6 6. Ne2 Nf6 7. Ng3 Be7 8. Be2 0-0 9. 0-0 b5 10. c3 Bb7 11. Qc2 Qb6 12. Rad1 Rfd8 13. Rfe1 d4 14. Ne5 Nxe5 15. Bxe5 Nd7 16. Bf4 Rac8 17. Bd2 Bh4 18. Rf1 Nf6 19. Be1 c4 20. Kh1 Bxg3 21. fxg3 cxd3 22. Bxd3 h6 23. Qe2 Qc6 24. cxd4 Nxe4 25. Bxe4 Qxe4 26. Qxe4 Bxe4 27. Bc3 b4 28. Bxb4 Rc2 29. Rd2 Rdc8 30. Kg1 Rxd2 31. Bxd2 Rc2 32. Rf2 Rxb2 33. Be1 Rb1 34. Re2 Bd3 35. Re3 Be4 36. a3 Rd1 37. h3 Rxd4 38. Bf2 Rd2 39. Rc3 Bd5 40. Rc8+ Kh7 41. Rc7 Kg6 42. Ra7 Bc4 43. Rc7 Bb5 44. Ra7 Ra2 45. Bc5 Bc6 46. Rxa6 Rxg2+ 47. Kf1 Bd5 48. Bf2 Rxg3 49. Rxe6+ Bxe6 50. Bxg3 Bxh3+ 51. Kf2 Kf5 52. a4 Ke4 53. a5 Bc8 54. Bd6 g5 55. Kg3 f5 56. Bf8 f4+ 57. Kf2 h5 58. Bh6 g4 59. Bg5 Kf5 60. Bh4 g3+ 61. Bxg3 fxg3+ 62. Kxg3 Kg5 63. Kg2 Kg4 64. Kh2 h4 65. Kg2 h3+ 66. Kh2 Kh4 67. Kg1 Kg3 68. a6 h2+ 69. Kh1 Bh3 70. a7 Bg2# 0-1